Movies Quiz

Random Movies or Disney Quiz

Disney Princess Dinosaurs Quiz Stats

 Plays Quiz not verified by Sporcle

Score 0/11 Timer 04:00
0 Plays Today
% Correct
Anna and Elsa
99.4%
Cinderella
98.2%
Aurora
97.8%
Merida
96.6%
Belle
96.6%
Ariel
96.4%
Jasmine
96.2%
Mulan
96.1%
Rapunzel
96.1%
Tiana
95.6%
Pocahontas
95.1%

You're not logged in!

Compare scores with friends on all Sporcle quizzes.
Join for Free
OR
Log In

You Might Also Like...

Show Comments

Extras

Top Quizzes Today


Score Distribution

Your Account Isn't Verified!

In order to create a playlist on Sporcle, you need to verify the email address you used during registration. Go to your Sporcle Settings to finish the process.

Report this User

Report this user for behavior that violates our Community Guidelines.

Details: